Every Presidential Candidate in History - Statistics

General Stats
  • This quiz has been taken 37 times
    31 since last reset
  • The average score is 111 of 318
Answer Stats
Year Party Candidate % Correct
1789 Independent 100% George Washington
91%
1792 Independent 100% George Washington
91%
1796 Federalist 53.3% John Adams
91%
1800 Federalist 39.4% John Adams
91%
1824 Democratic-Republican 32.7% John Quincy Adams
91%
1828 National Republican 44% John Quincy Adams
91%
1884 Prohibition 1.5% John Pierce St. John
86%
1992 Democratic 43% Bill Clinton
82%
1996 Democratic 49.2% Bill Clinton
82%
1812 Democratic-Republican 47.6% DeWitt Clinton
82%
1820 Democratic-Republican 1.7% DeWitt Clinton
82%
2016 Republican 46.1% Donald Trump
82%
2020 Republican 46.9% Donald Trump
82%
2024 Republican 49.8% Donald Trump
82%
2016 Democratic 48.2% Hillary Clinton
82%
2020 Democratic 51.3% Joe Biden
82%
2024 Democratic 48.3% Kamala Harris
82%
1932 Democratic 57.4% Franklin D. Roosevelt
77%
1936 Democratic 60.8% Franklin D. Roosevelt
77%
1940 Democratic 54.7% Franklin D. Roosevelt
77%
1944 Democratic 53.4% Franklin D. Roosevelt
77%
1988 Republican 53.4% George H.W. Bush
77%
1992 Republican 37.5% George H.W. Bush
77%
2000 Republican 47.9% George W. Bush
77%
2004 Republican 50.7% George W. Bush
77%
1808 Democratic-Republican 65% James Madison
77%
1812 Democratic-Republican 50.3% James Madison
77%
1960 Democratic 49.7% John F. Kennedy
77%
1904 Republican 56.4% Theodore Roosevelt
77%
1912 Progressive 27.4% Theodore Roosevelt
77%
1796 Democratic-Republican 46.7% Thomas Jefferson
77%
1800 Democratic-Republican 60.6% Thomas Jefferson
77%
1804 Democratic-Republican 73.2% Thomas Jefferson
77%
2008 Democratic 52.9% Barack Obama
73%
2012 Democratic 51.1% Barack Obama
73%
1888 Republican 47.8% Benjamin Harrison
73%
1892 Republican 43% Benjamin Harrison
73%
1924 Socialist Labor 0.1% Frank T. Johns
73%
2012 Libertarian 1% Gary Johnson
73%
2016 Libertarian 3.3% Gary Johnson
73%
1964 Democratic 61% Lyndon B. Johnson
73%
1960 Republican 49.6% Richard Nixon
73%
1968 Republican 43.4% Richard Nixon
73%
1972 Republican 60.7% Richard Nixon
73%
2024 Independent 0.5% Robert F. Kennedy Jr.
73%
1984 Citizens 0.1% Sonia Johnson
73%
1836 Whig 36.6% William Henry Harrison
73%
1840 Whig 52.9% William Henry Harrison
73%
1860 Republican 39.7% Abraham Lincoln
68%
1864 National Union 55% Abraham Lincoln
68%
2000 Democratic 48.4% Al Gore
68%
1824 Democratic-Republican 40.6% Andrew Jackson
68%
1828 Democratic 55.3% Andrew Jackson
68%
1832 Democratic 54.2% Andrew Jackson
68%
1952 Republican 55.2% Dwight Eisenhower
68%
1956 Republican 57.4% Dwight Eisenhower
68%
1948 Democratic 49.6% Harry S. Truman
68%
1976 Democratic 50% Jimmy Carter
68%
1980 Democrat 41% Jimmy Carter
68%
1980 Republican 50.8% Ronald Reagan
68%
1984 Republican 58.8% Ronald Reagan
68%
1908 Republican 51.6% William Howard Taft
68%
1912 Republican 23.2% William Howard Taft
68%
1896 Republican 51% William McKinley
68%
1900 Republican 51.6% William McKinley
68%
1928 Democratic 40.9% Al Smith
64%
1976 Republican 48% Gerald Ford
64%
1956 Christian Nationalist >0.1% Gerald L. K. Smith
64%
1848 Liberty 0.1% Gerrit Smith
64%
1860 Liberty >0.1% Gerrit Smith
64%
1876 Prohibition 0.1% Green Clay Smith
64%
1928 Republican 58.1% Herbert Hoover
64%
1932 Republican 39.7% Herbert Hoover
64%
1844 Democratic 49.4% James K. Polk
64%
1808 Democratic-Republican 2.9% James Monroe
64%
1816 Democratic-Republican 68.7% James Monroe
64%
1820 Democratic-Republican 78.3% James Monroe
64%
1836 Democratic 50.8% Martin Van Buren
64%
1840 Democratic 46.8% Martin Van Buren
64%
1848 Free Soil 10.1% Martin Van Buren
64%
1980 Peace and Freedom >0.1% Maureen Smith
64%
1868 Republican 52.7% Ulysses S. Grant
64%
1872 Republican 55.6% Ulysses S. Grant
64%
1848 Whig 47.3% Zachary Taylor
64%
1924 Republican 54% Calvin Coolidge
59%
1852 Democratic 50.8% Franklin Pierce
59%
1884 Democratic 48.9% Grover Cleveland
59%
1888 Democratic 48.6% Grover Cleveland
59%
1892 Democratic 46% Grover Cleveland
59%
1880 Republican 48.3% James A. Garfield
59%
1856 Democratic 45.3% James Buchanan
59%
2012 Green 0.4% Jill Stein
59%
2016 Green 1.1% Jill Stein
59%
2024 Green 0.6% Jill Stein
59%
2008 Republican 45.7% John McCain
59%
1856 American 21.5% Millard Fillmore
59%
2012 Republican 47.2% Mitt Romney
59%
2000 Reform 0.4% Pat Buchanan
59%
1876 Republican 47.9% Rutherford B. Hayes
59%
1920 Republican 60.4% Warren G. Harding
59%
1912 Democratic 41.8% Woodrow Wilson
59%
1916 Democratic 49.2% Woodrow Wilson
59%
2004 Democratic 48.3% John Kerry
55%
1988 Democratic 45.7% Michael Dukakis
55%
1992 Independent 18.9% Ross Perot
55%
1996 Reform 8.4% Ross Perot
55%
1984 Democratic 40.6% Walter Mondale
55%
1996 Republican 40.7% Bob Dole
50%
1916 Republican 46.1% Charles Evans Hughes
50%
1900 Social Democratic 0.6% Eugene Debs
50%
1904 Socialist 3% Eugene Debs
50%
1908 Socialist 2.8% Eugene Debs
50%
1912 Socialist 6% Eugene Debs
50%
1920 Socialist 3.4% Eugene Debs
50%
1876 Democratic 50.9% Samuel Tilden
50%
1952 Democratic 44.3% Adlai Stevenson II
45%
1956 Democratic 42% Adlai Stevenson II
45%
1964 Republican 38.5% Barry Goldwater
45%
1968 American Independent 13.5% George Wallace
45%
1948 Progressive 2.4% Henry A. Wallace
45%
1824 Democratic-Republican 13% Henry Clay
45%
1832 National Republican 37.4% Henry Clay
45%
1844 Whig 48.2% Henry Clay
45%
1996 Green 0.7% Ralph Nader
45%
2000 Green 2.7% Ralph Nader
45%
2004 Reform 0.4% Ralph Nader
45%
2008 Independent 0.6% Ralph Nader
45%
1860 Northern Democratic 21.5% Stephen A. Douglas
45%
1944 Republican 45.9% Thomas Dewey
45%
1948 Republican 45% Thomas Dewey
45%
1936 Republican 36.5% Alf Landon
41%
1864 Democratic 45% George McClellan
41%
1972 Democratic 37.5% George McGovern
41%
2020 Green 0.3% Howie Hawkins
41%
1836 Whig 9.7% Hugh L. White
41%
1860 Constitutional Union 12.6% John Bell
41%
1860 Southern Democratic 14.4% John C. Breckenridge
41%
1924 Progressive 16.6% Robert La Follette
41%
1940 Republican 44.8% Wendell Willkie
41%
2024 Libertarian 0.4% Chase Oliver
36%
1872 Liberal Republican 43.8% Horace Greeley
36%
1968 Democratic 42.7% Hubert Humphrey
36%
1980 Independent 6.6% John B. Anderson
36%
1924 Democratic 28.8% John W. Davis
36%
2020 Libertarian 1.2% Jo Jorgensen
36%
1928 Socialist 0.7% Norman Thomas
36%
1932 Socialist 2.2% Norman Thomas
36%
1936 Socialist 0.4% Norman Thomas
36%
1940 Socialist 0.2% Norman Thomas
36%
1944 Socialist 0.2% Norman Thomas
36%
1948 Socialist 0.3% Norman Thomas
36%
2012 Justice >0.1% Rocky Anderson
36%
1976 American 0.2% Thomas J. Anderson
36%
1896 Democratic 46.7% William Jennings Bryan
36%
1900 Democratic 45.5% William Jennings Bryan
36%
1908 Democratic 43% William Jennings Bryan
36%
1904 Democratic 37.6% Alton B. Parker
32%
1804 Federalist 26.7% Charles C. Pinckney
32%
1808 Federalist 31.7% Charles C. Pinckney
32%
1884 Republican 48.3% James G. Blaine
32%
1856 Republican 33.1% John C. Frémont
32%
1812 Federalist 2.1% Rufus King
32%
1948 States' Rights 2.4% Strom Thurmond
32%
2004 Socialist >0.1% Walt Brown
32%
1880 Democratic 48.2% Winfield Scott Hancock
32%
2016 Independent 0.5% Evan McMullin
27%
1868 Democratic 47.3% Horatio Seymour
27%
1920 Democratic 34.1% James M. Cox
27%
1848 Democratic 42.5% Lewis Cass
27%
1920 Socialist Labor 0.1% William W. Cox
27%
1852 Whig 43.9% Winfield Scott
27%
1888 Prohibition 2.2% Clinton B. Fisk
23%
1836 Whig 2.7% Daniel Webster
23%
1852 Union 0.2% Daniel Webster
23%
1880 Greenback 3.4% James B. Weaver
23%
1892 Populist 8.5% James B. Weaver
23%
1840 Liberty 0.3% James G. Birney
23%
1844 Liberty 2.3% James G. Birney
23%
1972 American Independent 1.4% John G. Schmitz
23%
1876 Greenback 1% Peter Cooper
23%
1988 Libertarian 0.5% Ron Paul
23%
1936 Union 2% William Lemke
23%
1884 Greenback 1.3% Benjamin Butler
18%
1992 Populist 0.1% Bo Gritz
18%
1976 Independent 0.9% Eugene McCarthy
18%
1996 Libertarian 0.5% Harry Browne
18%
2000 Libertarian 0.4% Harry Browne
18%
1956 States' Rights >0.1% Harry Byrd
18%
1972 Libertarian >0.1% John G. Hospers
18%
1896 National Democratic 1% John Palmer
18%
1960 States' Rights 0.1% Orval Faubus
18%
1920 Farmer-Labor 1% Parley Christensen
18%
1824 Democratic-Republican 11% William H. Crawford
18%
1832 Anti-Masonic 7.9% William Wirt
18%
1916 Socialist 3.2% Allan Benson
14%
1888 Union Labor 1.3% Alson Streeter
14%
1884 Equal Rights >0.1% Belva Ann Lockwood
14%
1944 Prohibition 0.2% Claude A. Watson
14%
1948 Prohibition 0.2% Claude A. Watson
14%
1980 Libertarian 1% Ed Clark
14%
2016 Socialism and Liberation 0.1% Gloria La Riva
14%
1976 Communist 0.1% Gus Hall
14%
1980 Communist 0.1% Gus Hall
14%
1984 Communist >0.1% Gus Hall
14%
1992 U.S. Taxpayers >0.1% Howard Phillips
14%
1996 Taxpayers 0.2% Howard Phillips
14%
2000 Constitution 0.1% Howard Phillips
14%
1872 Prohibition 0.1% James Black
14%
1852 Free Soil 4.9% John P. Hale
14%
1988 New Alliance 0.2% Lenora Fulani
14%
1992 New Alliance 0.1% Lenora Fulani
14%
1976 U.S. Labor 0.1% Lyndon LaRouche
14%
1984 Independent 0.1% Lyndon LaRouche
14%
1984 Socialist Workers >0.1% Melvin T. Mason
14%
1904 Populist 0.8% Thomas E. Watson
14%
1908 Populist 0.2% Thomas E. Watson
14%
1920 Prohibition 0.7% Aaron Watkins
9%
1980 Citizens 0.3% Barry Commoner
9%
2008 Libertarian 0.4% Bob Barr
9%
1984 Populist 0.1% Bob Richards
9%
1872 Straight-Out Democrats 0.3% Charles O'Connor
9%
1984 Libertarian 0.3% David Bergland
9%
1908 Prohibition 1.7% Eugene W. Chafin
9%
1912 Prohibition 1.4% Eugene W. Chafin
9%
1916 Prohibition 1.2% Frank Hanly
9%
1852 Southern Rights 0.1% George Troup
9%
1852 Native American 0.1% Jacob Broom
9%
1876 American National >0.1% James Walker
9%
1960 Conservative >0.1% J. Bracken Lee
9%
1892 Prohibition 2.2% John Bidwell
9%
1996 Natural Law 0.1% John Hagelin
9%
2000 Natural Law 0.1% John Hagelin
9%
1984 Workers World >0.1% Larry Holmes
9%
2004 Peace and Freedom >0.1% Leonard Peltier
9%
2004 Socialist Workers >0.1% Róger Calero
9%
2012 Peace and Freedom 0.1% Roseanne Barr
9%
2012 Constitution 0.1% Virgil Goode
9%
2008 America's Independent Party >0.1% Alan Keyes
5%
1992 Libertarian 0.3% Andre Marrou
5%
1972 People's 0.1% Benjamin Spock
5%
2008 Constitution 0.2% Chuck Baldwin
5%
2008 Green 0.1% Cynthia McKinney
5%
2016 Constitution 0.2% Darrell Castle
5%
2004 Green 0.1% David Cobb
5%
1952 Constitution >0.1% Douglas MacArthur
5%
1936 Communist 0.2% Earl Browder
5%
1940 Communist 0.1% Earl Browder
5%
1952 Socialist Labor 0.1% Eric Hass
5%
1956 Socialist Labor 0.1% Eric Hass
5%
1960 Socialist Labor 0.1% Eric Hass
5%
1964 Socialist Labor 0.1% Eric Hass
5%
1948 Socialist Workers >0.1% Farrell Dobbs
5%
1952 Socialist Workers >0.1% Farrell Dobbs
5%
1956 Socialist Workers >0.1% Farrell Dobbs
5%
1960 Socialist Workers 0.1% Farrell Dobbs
5%
1928 Farmer-Labor >0.1% Frank Webb
5%
1920 American 0.2% James E. Furguson
5%
1900 Prohibition 1.5% John G. Woolley
5%
1880 Anti-Masonic >0.1% John W. Phelps
5%
1976 American Independent 0.2% Lester Maddox
5%
1972 Socialist Workers 0.1% Linda Jenness
5%
1972 Socialist Labor 0.1% Louis Fisher
5%
1976 People's 0.1% Margaret Wright
5%
2004 Libertarian 0.3% Michael Badnarik
5%
2004 Constitution 0.1% Michael Peroutka
5%
1976 Socialist Workers 0.1% Peter Camejo
5%
2020 Reform 0.2% Rocky De La Fuente
5%
1956 States' Rights 0.2% T. Coleman Andrews
5%
2004 Christian Freedom >0.1% Thomas Harens
5%
2012 America's >0.1% Tom Hoefling
5%
1928 Socialist Labor 0.1% Verne Reynolds
5%
1932 Socialist Labor 0.1% Verne Reynolds
5%
1952 Progressive 0.2% Vincent Hallinan
5%
1932 Prohibition 0.2% William D. Upshaw
5%
1924 Communist 0.1% William Foster
5%
1928 Communist 0.1% William Foster
5%
1932 Communist 0.3% William Foster
5%
1912 Socialist Labor 0.2% Arthur Reimer
0%
1916 Socialist Labor 0.1% Arthur Reimer
0%
1908 Socialist Labor 0.1% August Gillhaus
0%
1896 National Prohibition 0.1% Charles Eugene Bentley
0%
1904 Socialist Labor 0.3% Charles H. Corregan
0%
1896 Socialist Labor 0.3% Charles H. Matchett
0%
1960 Constitution >0.1% Charles Sullivan
0%
1964 Socialist Workers 0.1% Clifton DeBerry
0%
1980 Socialist Workers >0.1% Clifton DeBerry
0%
1952 Socialist >0.1% Darlington Hoopes
0%
1956 Socialist >0.1% Darlington Hoopes
0%
1984 New Alliance 0.1% Dennis L. Serrette
0%
1936 Prohibition 0.1% D. Leigh Colvin
0%
1944 Socialist Labor 0.1% Edward Teichert
0%
1948 Socialist Labor 0.1% Edward Teichert
0%
1964 Prohibition >0.1% E. Harold Munn
0%
1980 Right to Life >0.1% Ellen McCormack
0%
1956 Prohibition 0.1% Enoch Holtwick
0%
1924 American 0.1% Gilbert Nations
0%
1956 American Third >0.1% Henry Krajewski
0%
1924 Prohibition 0.2% Herman Faris
0%
1932 Farmer-Labor >0.1% Jacob S. Coxey
0%
1936 Socialist Labor >0.1% John Aiken
0%
1940 Socialist Labor >0.1% John Aiken
0%
1964 States' Rights >0.1% John Kasper
0%
1980 American Independent 0.1% John Rarick
0%
1964 Constitution >0.1% Joseph B. Lightburn
0%
1900 Socialist Labor 0.3% Joseph Malloney
0%
1896 Prohibition 0.9% Joshua Levering
0%
1880 Prohibition 0.1% Neal Dow
0%
1920 Single Tax >0.1% Robert C. Macauley
0%
1940 Prohibition 0.1% Roger Babson
0%
1976 Libertarian 0.2% Roger MacBride
0%
1960 Prohibition 0.1% Rutherford Decker
0%
1904 Prohibition 1.9% Silas C. Swallow
0%
1892 Socialist Labor 0.2% Simon Wing
0%
1952 Prohibition 0.1% Stuart Hamblen
0%
1908 Independence 0.6% Thomas Hisgen
0%
1900 Populist 0.4% Wharton Baker
0%
1932 Liberty 0.1% William H. Harvey
0%
1928 Prohibition 0.1% William Varney
0%
No matching quizzes found
Score Distribution
Percent of People with Each Score
Percentile by Number Answered
Your Score History
You have not taken this quiz since the last reset